000 00355 a2200157 4500
001 45035
020 _a853225991x
040 _cAnchieta - Aquarius
240 1 0 _a#João, o matador de gigantes
_lpor
245 1 0 _a#João, o matador de gigantes
300 _a16
362 0 _a2006
440 1 _aFTD
650 4 _aLiteratura infanto-juvenil
942 _cBK
999 _c45035
_d45035